000 00374 a2200169 4500
001 73206
020 _a8516032302
040 _cAnchieta - Colégio São Paulo
100 _aAguilar, Lidia
240 1 0 _aO jogo da história
_lpor
245 1 0 _aO jogo da história
300 _a208
362 0 _a2002
440 1 _aModerna
650 4 _aHistória do mundo
942 _cBK
999 _c73206
_d73206